000 00764cab a2200265 4500
001 ABS60272
008 090401t1999 xxu||||| |||| 00| 0 eng d
035 _a(Sirsi) u92471
041 _aeng
100 _aLewis, S.
245 _aMind the contractual gaps
260 _c1999
350 _a0
490 _aBuilding
_v264(8080) 26 March 1999, 64(1)
650 _aBUILT ENVIRONMENT-BUILDING CONTRACT FORMS
650 _aCONSTRUCTION COSTS
650 _aCONTRACT AGREEMENTS
650 _aCONTRACT FORMATION
650 _aPAGNAN V FEED PRODUCTS
650 _aTROLLOPE AND COLLS V ATOMIC POWER CONSTRUCTION
650 _aVHE CONSTRUCTION V ALFRED MCALPINE
690 _aBUILT ENVIRONMENT-BUILDING CONTRACT FORMS
942 _n0
948 _c31/03/1999
999 _c58621
_d58621